| 000 | 00750nam a22002177a 4500 | ||
|---|---|---|---|
| 003 | OSt | ||
| 005 | 20250830031548.0 | ||
| 008 | 250830b |||||||| |||| 00| 0 eng d | ||
| 020 | _a13: 978-0-495-09376-3. Remarks | ||
| 040 |
_aDWCL-Admin lib _cOC |
||
| 082 |
_211th ed. _aCirc. 372.7 K35g 2008 |
||
| 100 | _aKennedy, Leonard M. | ||
| 245 |
_aGuiding children's learning of mathematics/ _cLeonard M. Kennedy |
||
| 260 |
_aUSA : _bThomson Higher Education, _cc2008. |
||
| 300 |
_axxii, 589 p. : ill. _b(some col.) ; _c27 cm. |
||
| 504 | _aIncludes bibliographical references and index. | ||
| 650 | _a1. Mathematics-Study and teaching (Elementary). | ||
| 700 | _aTipps, Steve | ||
| 700 | _aArt, Johnson | ||
| 942 |
_2ddc _cBK-CIRC _e11th ed. _kCirc. _n0 |
||
| 999 |
_c4405 _d4405 |
||